000 00508nmm a2200169Ia 4500
008 251105s9999||||xx |||||||||||||||||und||
020 _a9788490291696
041 _aspa
100 _aOrteu, Xavier
245 0 _aTrabajo y vinculo social
264 _a[Madrid, España] :
_bUniversitat Oberta de Catalunya,
_c2013
300 _a104 páginas
490 _aLaboratorio de educación social
650 _aSocial Sciences (General)
856 _uhttps://public.digitaliapublishing.com/a/24400
942 _cCF
999 _c87601
_d87601